[Event "Montreal op"]
[Site "Montreal CAN"]
[Date "2012.09.09"]
[Round "4"]
[White "Robichaud, Louis"]
[Black "Auger, Bertrand"]
[Result "1/2-1/2"]
[WhiteElo "2105"]
[BlackElo "1977"]
[PlyCount "76"]
[GameId "2160767909445293"]
[EventDate "2012.09.07"]
[EventType "swiss"]
[EventRounds "5"]
[EventCountry "CAN"]
[SourceTitle "EXT 2013"]
[Source "ChessBase"]
[SourceDate "2012.11.22"]
[SourceVersion "1"]
[SourceVersionDate "2012.11.22"]
[SourceQuality "1"]

1. e4 e6 2. d3 d5 3. Nd2 Nf6 4. Ngf3 c5 5. g3 g6 6. Bg2 Bg7 7. O-O O-O 8. Re1 Nc6 9. c3 Qc7 10. Nb3 c4 11. dxc4 dxe4 12. Ng5 b6 13. Nxe4 Nxe4 14. Bxe4 Ba6 15. c5 Rad8 16. Bf4 e5 17. Qf3 exf4 18. Bxc6 Rd3 19. Qe4 Rfd8 20. Qa4 fxg3 21. hxg3 Bc8 22. Bg2 Bd7 23. c6 Be8 24. Qf4 R3d6 25. Nd4 Bxd4 26. cxd4 Bxc6 27. Rac1 Qb7 28. Bxc6 Rxc6 29. Rxc6 Qxc6 30. Re7 Qd5 31. Rxa7 h5 32. Qf6 Re8 33. Re7 Rxe7 34. Qxe7 Qxd4 35. Qe8+ Kg7 36. Qb5 h4 37. gxh4 Qg4+ 38. Kf1 Qd1+ 1/2-1/2

[Event "Montreal op"]
[Site "Montreal CAN"]
[Date "2012.09.09"]
[Round "4"]
[White "Sturt, Raven"]
[Black "Kleinman, Michael"]
[Result "1/2-1/2"]
[WhiteElo "2277"]
[BlackElo "2323"]
[PlyCount "38"]
[GameId "2160767909445294"]
[EventDate "2012.09.07"]
[EventType "swiss"]
[EventRounds "5"]
[EventCountry "CAN"]
[SourceTitle "EXT 2013"]
[Source "ChessBase"]
[SourceDate "2012.11.22"]
[SourceVersion "1"]
[SourceVersionDate "2012.11.22"]
[SourceQuality "1"]

1. d4 Nf6 2. c4 g6 3. g3 c6 4. Nf3 d5 5. Bg2 Bg7 6. O-O O-O 7. b3 dxc4 8. bxc4 c5 9. Bb2 Qb6 10. Qb3 Ne4 11. e3 Nc6 12. Ne5 Nd6 13. Nxc6 bxc6 14. dxc5 Qxc5 15. Bxg7 Kxg7 16. Nd2 Be6 17. Qc3+ Kg8 18. Rac1 Rab8 19. Nb3 Qxc4 1/2-1/2

[Event "Montreal op"]
[Site "Montreal CAN"]
[Date "2012.09.09"]
[Round "4"]
[White "Tomb, Maroun"]
[Black "Yu, Zong Yang"]
[Result "0-1"]
[WhiteElo "2144"]
[BlackElo "2131"]
[PlyCount "88"]
[GameId "2160767909445295"]
[EventDate "2012.09.07"]
[EventType "swiss"]
[EventRounds "5"]
[EventCountry "CAN"]
[SourceTitle "EXT 2013"]
[Source "ChessBase"]
[SourceDate "2012.11.22"]
[SourceVersion "1"]
[SourceVersionDate "2012.11.22"]
[SourceQuality "1"]

1. c4 Nf6 2. Nc3 g6 3. e4 d6 4. d4 Bg7 5. Bg5 O-O 6. f4 c6 7. Nf3 Nbd7 8. Qd2 Re8 9. O-O-O h6 10. Bh4 Nh7 11. e5 Qa5 12. Bd3 dxe5 13. fxe5 Nb6 14. Rhe1 Be6 15. b3 Rad8 16. h3 Qa3+ 17. Kb1 Nf8 18. Ka1 Qa5 19. g4 g5 20. Bg3 Ng6 21. Qc2 Nf8 22. Bf5 f6 23. h4 Nbd7 24. hxg5 fxg5 25. Rh1 b5 26. c5 b4 27. Ne4 Bd5 28. Nfxg5 hxg5 29. Nxg5 Nf6 30. exf6 exf6 31. Bh7+ Nxh7 32. Qxh7+ Kf8 33. Bd6+ Rxd6 34. cxd6 Re2 35. Qb1 Bxh1 36. Nh7+ Kg8 37. Rxh1 f5 38. Rd1 Kxh7 39. gxf5 Bf6 40. d7 c5 41. Rh1+ Kg7 42. Qg1+ Kf8 43. d8=Q+ Qxd8 44. Kb1 Qxd4 0-1

[Event "Montreal op"]
[Site "Montreal CAN"]
[Date "2012.09.09"]
[Round "4"]
[White "Wu, Qiyou"]
[Black "Le Duin, Thierry"]
[Result "1/2-1/2"]
[WhiteElo "2043"]
[BlackElo "2030"]
[PlyCount "95"]
[GameId "2160767909445296"]
[EventDate "2012.09.07"]
[EventType "swiss"]
[EventRounds "5"]
[EventCountry "CAN"]

1. e4 d5 2. exd5 Nf6 3. Nc3 Nxd5 4. Bc4 Nb6 5. Bb3 Nc6 6. Nf3 Bf5 7. O-O e6 8. Ne2 Qf6 9. Ng3 Bg4 10. h3 Bxf3 11. Qxf3 Qxf3 12. gxf3 Nd4 13. f4 Nxb3 14. axb3 Nd5 15. f5 exf5 16. Nxf5 g6 17. Re1+ Kd7 18. Ng3 Bg7 19. Ra4 f5 20. d3 a6 21. c3 Rae8 22. Rxe8 Rxe8 23. Bd2 Re6 24. Ra5 c6 25. Ra1 Be5 26. Re1 Bf4 27. Rxe6 Kxe6 28. Be1 Bc1 29. Ne2 Bxb2 30. Kg2 b5 31. Kf3 a5 32. c4 bxc4 33. dxc4 Nb4 34. Bxb4 axb4 35. Nf4+ Kf6 36. Nd3 Bc3 37. Kg2 Kg5 38. Kg3 h6 39. Nc5 f4+ 40. Kf3 Kf5 41. Ne4 Be5 42. Nc5 g5 43. Na6 Bc3 44. c5 Ke6 45. Ke4 h5 46. Nb8 Be1 47. f3 Bf2 48. Na6 1/2-1/2

[Event "Montreal op"]
[Site "Montreal CAN"]
[Date "2012.09.09"]
[Round "4"]
[White "Yun, Chang"]
[Black "Ramaswamy, Kiran"]
[Result "1-0"]
[WhiteElo "2000"]
[BlackElo "2006"]
[PlyCount "97"]
[GameId "2160767909445297"]
[EventDate "2012.09.07"]
[EventType "swiss"]
[EventRounds "5"]
[EventCountry "CAN"]

1. e4 c5 2. Nf3 Nc6 3. Bb5 d6 4. O-O Bd7 5. Re1 g6 6. c3 Bg7 7. h3 Nf6 8. d4 cxd4 9. cxd4 O-O 10. Nc3 a6 11. Bf1 Rc8 12. Bg5 e5 13. Qd2 Nxd4 14. Nxd4 exd4 15. Qxd4 Bc6 16. Qd2 Qa5 17. Qf4 Qe5 18. Qh4 Rfe8 19. Rad1 Qe6 20. f3 b5 21. Nd5 Nd7 22. Ne7+ Rxe7 23. Bxe7 Qxa2 24. Re2 d5 25. exd5 Bxd5 26. Red2 Be6 27. Ba3 Qb3 28. Rxd7 Bxd7 29. Rxd7 Qe3+ 30. Qf2 Qe6 31. Qd2 Qb6+ 32. Kh1 a5 33. Be7 b4 34. Rd8+ Rxd8 35. Qxd8+ Qxd8 36. Bxd8 a4 37. Be7 Bxb2 38. Bxb4 Kg7 39. Bc4 a3 40. Kg1 g5 41. Kf2 Kg6 42. Ke2 f6 43. g4 h5 44. Be6 hxg4 45. hxg4 Kg7 46. Kd3 f5 47. gxf5 Kf6 48. Kc2 Ke5 49. Bc3+ 1-0

[Event "Montreal op"]
[Site "Montreal CAN"]
[Date "2012.09.09"]
[Round "4"]
[White "Zhu, Hong Rui"]
[Black "Lepine, Cedric"]
[Result "1-0"]
[WhiteElo "2036"]
[BlackElo "2062"]
[PlyCount "87"]
[GameId "2160767909445298"]
[EventDate "2012.09.07"]
[EventType "swiss"]
[EventRounds "5"]
[EventCountry "CAN"]

1. e4 Nf6 2. e5 Nd5 3. c4 Nb6 4. d4 d6 5. exd6 cxd6 6. Nc3 g6 7. Be3 Bg7 8. Rc1 O-O 9. b3 Nc6 10. d5 Ne5 11. Be2 a5 12. a4 f5 13. f4 Ng4 14. Bxg4 fxg4 15. Nge2 Nd7 16. O-O Nc5 17. Bd4 Bxd4+ 18. Nxd4 Bf5 19. Nxf5 gxf5 20. Rb1 Qb6 21. Kh1 Rae8 22. Re1 Rf6 23. Qd4 Kf7 24. Nb5 Qd8 25. Re3 Ne4 26. Kg1 e5 27. dxe6+ Rfxe6 28. Rbe1 Qf6 29. Qxf6+ Kxf6 30. Nc7 R8e7 31. Nd5+ Kf7 32. Nxe7 Kxe7 33. Rd3 Nc5 34. Rxe6+ Kxe6 35. Re3+ Kd7 36. Kf2 Kc6 37. Ke2 h5 38. g3 Ne4 39. Rxe4 fxe4 40. Ke3 d5 41. Kd4 dxc4 42. bxc4 Kd6 43. Kxe4 Ke6 44. c5 1-0

[Event "Montreal op"]
[Site "Montreal CAN"]
[Date "2012.09.09"]
[Round "5"]
[White "Auger, Bertrand"]
[Black "Zhu, Hong Rui"]
[Result "0-1"]
[WhiteElo "2000"]
[BlackElo "2036"]
[PlyCount "92"]
[GameId "2160767909445299"]
[EventDate "2012.09.07"]
[EventType "swiss"]
[EventRounds "5"]
[EventCountry "CAN"]
[SourceTitle "hb 2012"]

1. Nf3 c5 2. c4 Nc6 3. Nc3 e5 4. g3 g6 5. Bg2 Bg7 6. O-O Nge7 7. d3 O-O 8. Rb1 d6 9. Bd2 a5 10. Qc1 Be6 11. Bh6 Rb8 12. Bxg7 Kxg7 13. Ng5 Bf5 14. f4 f6 15. Nge4 Qd7 16. Rf2 Na7 17. Qf1 b5 18. fxe5 fxe5 19. cxb5 Nxb5 20. Nxb5 Bxe4 21. Bxe4 Qxb5 22. Rxf8 Rxf8 23. Qg2 c4 24. Rf1 Rxf1+ 25. Kxf1 cxd3 26. Bxd3 Qxb2 27. Qa8 Qa1+ 28. Kf2 Qxa2 29. Qd8 Qe6 30. Qxa5 Qf7+ 31. Ke1 Qd5 32. Qd8 Kf7 33. Qc7 Qc6 34. Qb8 Kg7 35. Bb5 Qc5 36. Bd7 Qg1+ 37. Kd2 Qd4+ 38. Ke1 e4 39. Qe8 Qe5 40. e3 Qc3+ 41. Kf1 Qd3+ 42. Kg2 Qe2+ 43. Kh3 Qh5+ 44. Kg2 Qf3+ 45. Kh3 Nd5 46. Bg4 Qxg4+ 0-1

[Event "Montreal op"]
[Site "Montreal CAN"]
[Date "2012.09.09"]
[Round "5"]
[White "Cloutier, Mathieu"]
[Black "Forget, Luc"]
[Result "1-0"]
[WhiteElo "2059"]
[BlackElo "2037"]
[PlyCount "39"]
[GameId "2160767909445300"]
[EventDate "2012.09.07"]
[EventType "swiss"]
[EventRounds "5"]
[EventCountry "CAN"]
[SourceTitle "hb 2012"]

1. e4 c6 2. d4 d5 3. Nc3 dxe4 4. Nxe4 Bf5 5. Ng3 Bg6 6. h4 h6 7. h5 Bh7 8. Bd3 Bxd3 9. Qxd3 e6 10. Bf4 Nf6 11. Nf3 Qa5+ 12. Bd2 Qc7 13. Ne5 Bd6 14. O-O-O Bxe5 15. dxe5 Ng4 16. Qd4 Nxf2 17. Qxf2 Qxe5 18. Bc3 Qg5+ 19. Kb1 O-O 20. Ne4 1-0

[Event "Montreal op"]
[Site "Montreal CAN"]
[Date "2012.09.09"]
[Round "5"]
[White "Gauthier, Denis"]
[Black "Yun, Chang"]
[Result "1-0"]
[WhiteElo "2000"]
[BlackElo "2000"]
[PlyCount "39"]
[GameId "2160767909445301"]
[EventDate "2012.09.07"]
[EventType "swiss"]
[EventRounds "5"]
[EventCountry "CAN"]
[SourceTitle "hb 2012"]

1. d4 d5 2. c4 e6 3. Nc3 Be7 4. Bf4 Nf6 5. e3 O-O 6. Nf3 a6 7. Qc2 dxc4 8. Bxc4 c5 9. O-O Nc6 10. dxc5 Bxc5 11. a3 Qe7 12. Rfd1 Rd8 13. b4 Ba7 14. Bg5 b5 15. Bd3 h6 16. Bxf6 Qxf6 17. Ne4 Qe7 18. Qxc6 Bb7 19. Qc3 Rac8 20. Qb3 1-0

[Event "Montreal op"]
[Site "Montreal CAN"]
[Date "2012.09.09"]
[Round "5"]
[White "Gueorguiev, Valentin"]
[Black "Robichaud, Louis"]
[Result "0-1"]
[WhiteElo "2000"]
[BlackElo "2136"]
[PlyCount "116"]
[GameId "2160767909445302"]
[EventDate "2012.09.07"]
[EventType "swiss"]
[EventRounds "5"]
[EventCountry "CAN"]

1. g3 Nf6 2. Bg2 g6 3. e4 d6 4. d4 Bg7 5. Ne2 O-O 6. O-O e5 7. dxe5 dxe5 8. Nbc3 c6 9. h3 Qe7 10. Be3 Na6 11. Qc1 Nc5 12. Rd1 Be6 13. b4 Na6 14. a3 Bc4 15. Qb2 b6 16. Nc1 Rfd8 17. Nb3 Nc7 18. Nd2 Ba6 19. a4 Ne6 20. a5 Nd4 21. axb6 axb6 22. Na4 Nd7 23. c3 Bb5 24. cxd4 Bxa4 25. Rdc1 exd4 26. Bxd4 Bxd4 27. Qxd4 Ne5 28. Qb2 Nd3 29. Qc3 Nxc1 30. Rxc1 Bb5 31. Nf1 Qe6 32. Ne3 Rd3 33. Qb2 Ra2 34. Qb1 Rdd2 35. Rc2 Bd3 36. Rxa2 Bxb1 37. Rxd2 Bxe4 38. Bf1 b5 39. Ng4 h5 40. Ne3 Qb3 41. Rd4 f5 42. g4 hxg4 43. hxg4 Qc3 44. Rd8+ Kf7 45. gxf5 gxf5 46. Rd7+ Ke6 47. Rd1 Qxb4 48. Bh3 Ke5 49. Rc1 c5 50. Bg2 c4 51. Bf1 c3 52. Re1 Qc5 53. Nd1 Kf4 54. Re3 c2 55. Rc3 cxd1=Q 56. Rxc5 Qg4+ 57. Kh2 Qh4+ 58. Bh3 Qxf2+ 0-1

[Event "Montreal op"]
[Site "Montreal CAN"]
[Date "2012.09.09"]
[Round "5"]
[White "Hebert, Jean"]
[Black "Hambleton, Aman"]
[Result "0-1"]
[WhiteElo "2424"]
[BlackElo "2468"]
[PlyCount "100"]
[GameId "2160767909445303"]
[EventDate "2012.09.07"]
[EventType "swiss"]
[EventRounds "5"]
[EventCountry "CAN"]
[SourceTitle "hb 2012"]

1. d4 Nf6 2. Nf3 c5 3. d5 b5 4. a4 Qa5+ 5. Bd2 b4 6. c4 d6 7. g3 g6 8. Bg2 Bg7 9. O-O Nbd7 10. Bf4 Nh5 11. Bc1 O-O 12. Ra2 Qc7 13. b3 Bb7 14. e4 Rae8 15. Nh4 e6 16. Nd2 a5 17. f4 exd5 18. exd5 Bc8 19. Bf3 Bd4+ 20. Kh1 Ndf6 21. Bxh5 Nxh5 22. f5 Ng7 23. Ndf3 Be3 24. fxg6 fxg6 25. Re2 Bxc1 26. Rxe8 Rxe8 27. Qxc1 Nf5 28. Ng2 Qg7 29. Re1 Rxe1+ 30. Qxe1 Bd7 31. g4 Nd4 32. Nxd4 Qxd4 33. h3 Qd3 34. Qh4 Kf7 35. Qxh7+ Ke8 36. Kh2 Kd8 37. Qh4+ Kc7 38. Qe7 Qxb3 39. Qf8 Qxc4 40. Qa8 b3 41. Qa7+ Kc8 42. Qa8+ Kc7 43. Qa7+ Kd8 44. Qxa5+ Ke7 45. Qd2 Qd4 46. Qh6 Be8 47. Nf4 Qf2+ 48. Kh1 b2 49. Qg7+ Bf7 50. Nxg6+ Kd7 0-1

[Event "Montreal op"]
[Site "Montreal CAN"]
[Date "2012.09.09"]
[Round "5"]
[White "Ibrahim, Anthony"]
[Black "Beaulieu, Pierre"]
[Result "0-1"]
[WhiteElo "2215"]
[BlackElo "2000"]
[PlyCount "135"]
[GameId "2160767909445304"]
[EventDate "2012.09.07"]
[EventType "swiss"]
[EventRounds "5"]
[EventCountry "CAN"]
[SourceTitle "hb 2012"]

1. e4 b6 2. d4 Bb7 3. Nc3 e6 4. f3 Bb4 5. Be3 Nf6 6. Bd3 d5 7. e5 Nfd7 8. a3 Bxc3+ 9. bxc3 c5 10. Nh3 c4 11. Be2 Nc6 12. O-O h6 13. f4 g6 14. a4 Qh4 15. g3 Qe7 16. Bc1 O-O-O 17. Ba3 Qe8 18. Nf2 Kb8 19. Ng4 h5 20. Ne3 Rc8 21. Bf3 Ka8 22. Qe2 Ndb8 23. Rfb1 Na5 24. Bd6 Qc6 25. Rb5 Qd7 26. Rab1 Bc6 27. R5b4 Na6 28. R4b2 Nb7 29. Bb4 Bxa4 30. Ra1 Nb8 31. Rba2 b5 32. Nd1 a5 33. Nb2 Nc6 34. Nxa4 bxa4 35. Rxa4 Kb8 36. Ba3 Rc7 37. Bc1 Ne7 38. R4a2 Ka7 39. Be3 Rc6 40. Bc1 Rb6 41. Ba3 Nc6 42. Qd1 Qd8 43. Rb1 Rxb1 44. Qxb1 Qb6 45. Rb2 Qc7 46. Rb5 Rb8 47. h3 Ka6 48. Kf2 Na7 49. Rb2 Re8 50. g4 hxg4 51. hxg4 Rh8 52. Kg3 Nc6 53. Bd6 Nxd6 54. exd6 Qa7 55. Qa2 Rb8 56. Rxb8 Qxb8 57. Qa3 Qd8 58. Be2 Na7 59. Qc5 Qd7 60. Bxc4+ dxc4 61. Qxc4+ Nb5 62. Qd3 Kb7 63. c4 Nxd6 64. c5 Nb5 65. c3 Kc6 66. Kf3 Qd5+ 67. Ke3 Qg2 68. g5 0-1

[Event "Montreal op"]
[Site "Montreal CAN"]
[Date "2012.09.09"]
[Round "5"]
[White "Kleinman, Michael"]
[Black "Masse, Hugues"]
[Result "0-1"]
[WhiteElo "2394"]
[BlackElo "2246"]
[PlyCount "96"]
[GameId "2160767909445305"]
[EventDate "2012.09.07"]
[EventType "swiss"]
[EventRounds "5"]
[EventCountry "CAN"]
[SourceTitle "hb 2012"]

1. e4 e6 2. d4 d5 3. Nd2 Be7 4. Bd3 c5 5. dxc5 Nf6 6. Qe2 O-O 7. Ngf3 a5 8. c4 Na6 9. cxd5 Nxc5 10. Bc2 exd5 11. e5 Nfd7 12. Nd4 Nxe5 13. Qxe5 Bf6 14. Qf4 g5 15. Qg3 Bxd4 16. Nf3 Qe7+ 17. Kd1 Ne4 18. Bxe4 Qxe4 19. Bxg5 Bg4 20. Re1 Bxf3+ 21. gxf3 Qg6 22. Be7 Rfe8 23. Re2 Rac8 24. Rc1 Rxc1+ 25. Kxc1 Qxg3 26. fxg3 Bf6 27. Rd2 Rxe7 28. Rxd5 b6 29. Rd2 Re6 30. f4 Be7 31. Kc2 Kg7 32. Kb3 Bc5 33. Kc4 Kf6 34. a3 Re1 35. Kd5 Rf1 36. b4 axb4 37. axb4 Bxb4 38. Re2 Re1 39. Ra2 Rd1+ 40. Kc6 Bc5 41. Re2 Rd6+ 42. Kb5 Re6 43. Rd2 Re1 44. h3 Rh1 45. Rd8 Rxh3 46. Rg8 Rh6 47. g4 Rg6 48. g5+ Kf5 0-1

[Event "Montreal op"]
[Site "Montreal CAN"]
[Date "2012.09.09"]
[Round "5"]
[White "Kraiouchkine, Nikita"]
[Black "Chiku-Ratte, Olivier-Kenta"]
[Result "1-0"]
[WhiteElo "2310"]
[BlackElo "2122"]
[PlyCount "67"]
[GameId "2160767909445306"]
[EventDate "2012.09.07"]
[EventType "swiss"]
[EventRounds "5"]
[EventCountry "CAN"]
[SourceTitle "hb 2012"]

1. e4 c5 2. Nc3 Nc6 3. g3 g6 4. Bg2 Bg7 5. Nge2 d6 6. d3 e6 7. Be3 Nd4 8. Rb1 Rb8 9. a3 b5 10. b4 Bd7 11. O-O Ne7 12. f4 O-O 13. bxc5 dxc5 14. e5 Bc6 15. Ne4 Nef5 16. Bf2 Nxe2+ 17. Qxe2 Nd4 18. Qd2 Bxe4 19. Bxe4 b4 20. axb4 cxb4 21. Rxb4 Qa5 22. c3 Rxb4 23. cxb4 Qb6 24. Rc1 Rd8 25. Qb2 f6 26. Rc6 Qb5 27. Bxd4 f5 28. Rd6 Rc8 29. Bg2 Bf8 30. Qb3 Rc1+ 31. Kf2 Bxd6 32. Qxe6+ Kf8 33. exd6 Rc2+ 34. Ke3 1-0

[Event "Montreal op"]
[Site "Montreal CAN"]
[Date "2012.09.09"]
[Round "5"]
[White "Le Duin, Thierry"]
[Black "Poulin, Mathieu"]
[Result "1/2-1/2"]
[WhiteElo "2030"]
[BlackElo "2060"]
[PlyCount "34"]
[GameId "2160767909445307"]
[EventDate "2012.09.07"]
[EventType "swiss"]
[EventRounds "5"]
[EventCountry "CAN"]
[SourceTitle "hb 2012"]

1. d4 d5 2. Nf3 Nf6 3. c3 e6 4. Bg5 Nbd7 5. e3 Bd6 6. Nbd2 c6 7. Bd3 Qc7 8. O-O O-O 9. Rc1 b6 10. Qc2 h6 11. Bh4 Bb7 12. Qb1 e5 13. dxe5 Nxe5 14. Nxe5 Bxe5 15. Nf3 Ne4 16. Nxe5 Qxe5 17. Qc2 Qh5 1/2-1/2

[Event "Montreal op"]
[Site "Montreal CAN"]
[Date "2012.09.09"]
[Round "5"]
[White "Libersan, Thierry"]
[Black "Jiang, Louie"]
[Result "0-1"]
[WhiteElo "2108"]
[BlackElo "2368"]
[PlyCount "94"]
[GameId "2160767909445308"]
[EventDate "2012.09.07"]
[EventType "swiss"]
[EventRounds "5"]
[EventCountry "CAN"]
[SourceTitle "hb 2012"]

1. e4 c5 2. Nf3 a6 3. g3 Nc6 4. Bg2 g6 5. d4 cxd4 6. Nxd4 Bg7 7. Be3 Nf6 8. Nc3 Ne5 9. O-O O-O 10. h3 d6 11. Qe2 Qc7 12. Rad1 Bd7 13. Rfe1 Nc4 14. Bc1 Rac8 15. Nd5 Qd8 16. b3 Na5 17. Bg5 Re8 18. Bxf6 exf6 19. Qd2 b5 20. Kh2 Nb7 21. b4 Be6 22. f4 h5 23. f5 Bd7 24. Qf2 Rf8 25. h4 Bh6 26. Bh3 g5 27. g4 Kg7 28. Re2 Rc4 29. Nf3 Bc6 30. hxg5 fxg5 31. f6+ Kh8 32. Nd4 Re8 33. Ne7 Rxe7 34. fxe7 Qxe7 35. Nxc6 Rxc6 36. gxh5 Bg7 37. Bf5 Nd8 38. Qf3 Rc4 39. a3 Nc6 40. Red2 Rc3 41. Qf2 Rxa3 42. Kg2 Be5 43. Qb6 Rg3+ 44. Kf2 Rc3 45. Qxa6 g4 46. Qc8+ Nd8 47. Qxc3 Qh4+ 0-1

[Event "Montreal op"]
[Site "Montreal CAN"]
[Date "2012.09.09"]
[Round "5"]
[White "MacKinnon, Keith"]
[Black "Sapozhnikov, Roman"]
[Result "1/2-1/2"]
[WhiteElo "2301"]
[BlackElo "2470"]
[PlyCount "151"]
[GameId "2160767909445309"]
[EventDate "2012.09.07"]
[EventType "swiss"]
[EventRounds "5"]
[EventCountry "CAN"]
[SourceTitle "hb 2012"]

1. e4 c5 2. Nf3 Nc6 3. d4 cxd4 4. Nxd4 Nf6 5. Nc3 d6 6. Bg5 e6 7. Qd2 a6 8. O-O-O Bd7 9. f4 b5 10. Bxf6 gxf6 11. Kb1 Qb6 12. Nxc6 Bxc6 13. Qe1 Ra7 14. Qh4 b4 15. Ne2 Be7 16. f5 e5 17. Ng3 Qe3 18. Bc4 Rc7 19. Rhe1 Qc5 20. Bb3 a5 21. Nh5 a4 22. Ng7+ Kd8 23. Bxf7 Bd7 24. Rd2 a3 25. Qf2 Qxf2 26. Rxf2 Bf8 27. Nh5 Ke7 28. Bb3 axb2 29. Kxb2 Bh6 30. Ng3 Bc6 31. Nf1 Bg5 32. Nd2 Bb5 33. Nb1 Rhc8 34. a3 bxa3+ 35. Nxa3 Ba6 36. Be6 Rb8+ 37. Bb3 Rb4 38. c3 Rb8 39. Nc2 Bb7 40. Nb4 Rc5 41. Rf3 d5 42. exd5 Bxd5 43. Rd3 Bb7 44. Red1 Rc7 45. Be6 Bc6 46. Bb3 Bb7 47. Ra1 Rd7 48. Ra7 Rxd3 49. Nxd3 Kd6 50. c4 e4 51. Ne1 Be3 52. Ra5 Bd2 53. Ra1 Kc5 54. Kc2 e3 55. Kd3 Bc8 56. Ba4 Bxf5+ 57. Ke2 Kxc4 58. Bc2 Bg4+ 59. Nf3 Rb2 60. Bd3+ Kb4 61. Rb1 Rxb1 62. Bxb1 Bc1 63. Bxh7 Kc3 64. Bg6 Be6 65. Bd3 Bb3 66. h4 Bf7 67. g4 Be6 68. g5 fxg5 69. hxg5 Bg4 70. Be4 Be6 71. Bd3 Bg4 72. g6 Bxf3+ 73. Kxf3 Kxd3 74. g7 e2 75. g8=Q e1=Q 76. Qd5+ 1/2-1/2

[Event "Montreal op"]
[Site "Montreal CAN"]
[Date "2012.09.09"]
[Round "5"]
[White "Nicula, Marius"]
[Black "Kovalyov, Anton"]
[Result "0-1"]
[WhiteElo "2196"]
[BlackElo "2593"]
[PlyCount "96"]
[GameId "2160767909445310"]
[EventDate "2012.09.07"]
[EventType "swiss"]
[EventRounds "5"]
[EventCountry "CAN"]
[SourceTitle "hb 2012"]

1. d4 Nf6 2. c4 e6 3. Nf3 b6 4. g3 c6 5. Bg2 d5 6. O-O Be7 7. Nbd2 O-O 8. Ne5 Bb7 9. e4 a5 10. b3 Na6 11. Bb2 Rc8 12. Qe2 Bb4 13. exd5 cxd5 14. a3 Bxd2 15. Qxd2 Ba8 16. f3 a4 17. Qd3 Bb7 18. cxd5 Nxd5 19. bxa4 Nac7 20. Rfc1 Ra8 21. Qb3 Ne8 22. f4 Nd6 23. Nc6 Qd7 24. Ne5 Qe7 25. Nc4 Nf5 26. Re1 Rfd8 27. Rac1 Qd7 28. Ne5 Qxa4 29. Bxd5 Bxd5 30. Qxa4 Rxa4 31. Rc7 f6 32. Nc6 Rc4 33. g4 Rxc6 34. Rxc6 Bxc6 35. gxf5 exf5 36. Re6 Rc8 37. Rd6 Be4 38. Rxb6 Rc2 39. a4 Rg2+ 40. Kf1 Rxh2 41. a5 h5 42. a6 h4 43. a7 h3 44. d5 Bxd5 45. Rd6 Bg2+ 46. Kg1 Rh1+ 47. Kf2 Rb1 48. Kg3 Rxb2 0-1

[Event "Montreal op"]
[Site "Montreal CAN"]
[Date "2012.09.09"]
[Round "5"]
[White "Sturt, Raven"]
[Black "Qin, Zi Yi (Joey)"]
[Result "0-1"]
[WhiteElo "2270"]
[BlackElo "2244"]
[PlyCount "34"]
[GameId "2160767909445311"]
[EventDate "2012.09.07"]
[EventType "swiss"]
[EventRounds "5"]
[EventCountry "CAN"]
[SourceTitle "hb 2012"]

1. d4 Nf6 2. c4 g6 3. Nc3 Bg7 4. Nf3 O-O 5. g3 d6 6. Bg2 c6 7. O-O Qa5 8. e4 e5 9. h3 Nbd7 10. Be3 Nb6 11. Qe2 exd4 12. Nxd4 Qb4 13. Rfd1 Qxc4 14. Qc2 d5 15. a3 Nxe4 16. Bf1 Nxc3 17. bxc3 Qa4 0-1

[Event "Montreal op"]
[Site "Montreal CAN"]
[Date "2012.09.09"]
[Round "5"]
[White "Yu, Zong Yang"]
[Black "Enkh-Amar, Galbadrakh"]
[Result "1-0"]
[WhiteElo "2131"]
[BlackElo "2160"]
[PlyCount "89"]
[GameId "2160767909445312"]
[EventDate "2012.09.07"]
[EventType "swiss"]
[EventRounds "5"]
[EventCountry "CAN"]
[SourceTitle "EXT 2013"]
[Source "ChessBase"]
[SourceDate "2012.11.22"]
[SourceVersion "1"]
[SourceVersionDate "2012.11.22"]
[SourceQuality "1"]

1. d4 Nf6 2. c4 e6 3. Nf3 b6 4. g3 Ba6 5. b3 Bb4+ 6. Bd2 Be7 7. Bg2 c6 8. O-O O-O 9. Bc3 d5 10. Ne5 Nfd7 11. Nd2 Nxe5 12. dxe5 Nd7 13. a4 Qc7 14. f4 Rfd8 15. Qe1 Rac8 16. Kh1 dxc4 17. Nxc4 c5 18. Qf2 Bb7 19. e4 Ba6 20. Qb2 Nb8 21. f5 exf5 22. exf5 Bb7 23. f6 Bxg2+ 24. Qxg2 gxf6 25. exf6 Bf8 26. Qc2 Nc6 27. Qf5 Nd4 28. Bxd4 Rxd4 29. Rae1 Rcd8 30. Re7 Qc6+ 31. Kg1 h6 32. Rxf7 Qe4 33. Qxe4 Rxe4 34. Rxa7 Rd3 35. Rb7 Re6 36. Rxb6 Rxb6 37. Nxb6 Rxb3 38. a5 Ra3 39. f7+ Kg7 40. Nd5 Bd6 41. Nc7 Rxa5 42. Ne6+ Kg6 43. f8=Q Bxf8 44. Nxf8+ Kg5 45. Ne6+ 1-0

[Event "Montreal op U1200"]
[Site "Montreal CAN"]
[Date "2012.09.07"]
[Round "1"]
[White "Ouimet, Alain"]
[Black "Belanger, Allan"]
[Result "1-0"]
[WhiteElo "1052"]
[BlackElo "831"]
[PlyCount "77"]
[GameId "2160767909445313"]
[EventDate "2012.09.07"]
[EventType "swiss"]
[EventRounds "5"]
[EventCountry "CAN"]

1. e4 e6 2. d3 d5 3. Nd2 Nf6 4. e5 Nfd7 5. d4 c5 6. Ngf3 Nc6 7. c3 Be7 8. g3 O-O 9. Bg2 b6 10. Nf1 f6 11. Bh3 f5 12. Ne3 Ba6 13. Qc2 Qc7 14. Nxf5 exf5 15. Bxf5 Kh8 16. Bg5 Bxg5 17. Nxg5 g6 18. Ne6 Qb8 19. Nxf8 Nxf8 20. Bd3 cxd4 21. Bxa6 dxc3 22. Qxc3 Qxe5+ 23. Qxe5+ Nxe5 24. O-O Ne6 25. Rac1 Nd4 26. Rc8+ Rxc8 27. Bxc8 Nd3 28. Bb7 Nxb2 29. Bxd5 Nd3 30. Rd1 Ne2+ 31. Kg2 Nc5 32. Bb3 Nc3 33. Rd8+ Kg7 34. Rg8+ Kf6 35. Rf8+ Kg7 36. Rf7+ Kg8 37. Rg7+ Kf8 38. Rxh7 Nxb3 39. axb3 1-0

[Event "Montreal op U1600"]
[Site "Montreal CAN"]
[Date "2012.09.09"]
[Round "5"]
[White "Achkar, Olivier"]
[Black "Montreuil, Carl"]
[Result "1-0"]
[WhiteElo "1181"]
[BlackElo "1239"]
[PlyCount "51"]
[GameId "2160767909445314"]
[EventDate "2012.09.07"]
[EventType "swiss"]
[EventRounds "5"]
[EventCountry "CAN"]
[SourceTitle "hb 2012"]

1. d4 Nf6 2. c4 c5 3. d5 b5 4. d6 exd6 5. e3 b4 6. Be2 Nc6 7. Nf3 Bb7 8. b3 Be7 9. Bb2 O-O 10. Qc2 Ne5 11. Nbd2 Ng6 12. h4 Ng4 13. h5 Nh4 14. Nxh4 Bxh4 15. Bxg4 Re8 16. Nf3 Rxe3+ 17. Kf1 Be4 18. Qd2 Bd3+ 19. Kg1 Re2 20. Qxd3 Bxf2+ 21. Kh2 Rxb2 22. Bf5 Qf6 23. Qe4 g6 24. Qxa8+ Kg7 25. h6+ Kxh6 26. Qf8+ 1-0

[Event "Montreal op U1600"]
[Site "Montreal CAN"]
[Date "2012.09.09"]
[Round "5"]
[White "Bouchard, David"]
[Black "Guan, Zi Yu"]
[Result "0-1"]
[WhiteElo "1340"]
[BlackElo "990"]
[PlyCount "44"]
[GameId "2160767909445315"]
[EventDate "2012.09.07"]
[EventType "swiss"]
[EventRounds "5"]
[EventCountry "CAN"]
[SourceTitle "hb 2012"]

1. c4 c5 2. Nf3 Nc6 3. Nc3 Nf6 4. d4 cxd4 5. Nxd4 e5 6. Nb3 Bb4 7. Bd2 Nd4 8. e3 Bxc3 9. Bxc3 Nc6 10. Qc2 d6 11. O-O-O Be6 12. Nc5 Qc7 13. Nxb7 Qxb7 14. Rxd6 Qc7 15. c5 Rd8 16. Rxd8+ Qxd8 17. Bb5 Qc8 18. Bxe5 O-O 19. Bxf6 gxf6 20. Bd3 Rd8 21. Bxh7+ Kg7 22. h4 Nb4 0-1